Ensayo sobre la historia de Santa Fe : factores de progreso durante los últimos veintisiete años /

Guardado en:
Autor Principal: Álvarez, Juan.
Formato: Libro
Publicado: Montevideo : Facultad de Humanidades Y Ciencias. Univ. De La República, 1965.
Series:Historia De La Cultura, 22 tomado de: Ensayo sobre la historia de Santa Fe, Bs. As., 1910.-
Materias:
Etiquetas: Agregar Etiqueta
Sin Etiquetas, Sea el primero en etiquetar este registro!
LEADER 00707nam a22001695a 4500
001 EHU.bham024683
008 130507s1965##################000#0#####d
005 20241114083430.0
245 1 0 |a Ensayo sobre la historia de Santa Fe :  |b factores de progreso durante los últimos veintisiete años /  |c Juan Álvarez. 
260 |a Montevideo :  |b Facultad de Humanidades Y Ciencias. Univ. De La República,  |c 1965. 
300 |a 14 p. 
490 0 |a Historia De La Cultura, 22 tomado de: Ensayo sobre la historia de Santa Fe, Bs. As., 1910.- 
100 1 |a Álvarez, Juan. 
082 9 0 |a 900 
653 |a Historia 
653 |a Historia argentina-Santa Fe 
859 |a AR-BHAM  |b BIB. HUMANIDADES - General  |h 900  |i H629-3  |p 87.65  |t Ej.1  |v XXII  |3 XXII